Gaming Quiz

Random Gaming or Console Quiz

Assassin's Creed Games Quiz Stats

 Plays Quiz not verified by Sporcle

Score 0/20 Timer 10:00
0 Plays Today
Assassin Game Title % Correct
Alexios, KassandraAssassin's Creed Odyssey
100%
AltaïrAssassin's Creed
95%
Ezio Auditore da FirenzeAssassin's Creed II
95%
Ezio Auditore da FirenzeAssassin's Creed: Brotherhood
95%
Ezio Auditore da FirenzeAssassin's Creed: Revelations
95%
Connor KenwayAssassin's Creed III
95%
Edward KenwayAssassin's Creed IV: Black Flag
90%
Arno DorianAssassin's Creed Unity
90%
Jacob Frye, Evie FryeAssassin's Creed Syndicate
90%
Shay Patrick CormacAssassin's Creed Rogue
85%
Assassin Game Title % Correct
BayekAssassin's Creed Origins
75%
Shao JunAssassin's Creed Chronicles: China
65%
Arbaaz MirAssassin's Creed Chronicles: India
65%
Nikolai OrelovAssassin's Creed Chronicles: Russia
65%
Aveline de GrandpréAssassin's Creed III: Liberation
60%
AdéwaléAssassin's Creed: Freedom Cry
55%
AltaïrAssassin's Creed: Bloodlines
40%
AltaïrAssassin's Creed: Altaïr's Chronicles
25%
Ezio Auditore da FirenzeAssassin's Creed II: Discovery
25%
UnnamedAssassin's Creed Identity
20%

You're not logged in!

Compare scores with friends on all Sporcle quizzes.
OR
Log In

Sporcle TV

Today on Sporcle TV


Watch our educational content, quiz creation guides, and fun videos on Sporcle TV.

Show Comments

Extras

Top Quizzes Today


Score Distribution

Your Account Isn't Verified!

In order to create a playlist on Sporcle, you need to verify the email address you used during registration. Go to your Sporcle Settings to finish the process.

Report this User

Report this user for behavior that violates our Community Guidelines.

Details: